Responses for show #2290 - Friday, July 15, 1994

1994 Seniors Tournament quarterfinal game 5.

Contestants

[<< previous game]

Ann McGahran, a nanny from Atlantic Highlands, New Jersey

Alec MacKenzie, a producer and publisher from Chappaqua, New York

Dodge Crockett, an attorney and ranch manager from Santa Barbara, California

[next game >>]

Jeopardy! Round responses

SCIENCE
SINGERS
BUSINESS & INDUSTRY
ROYAL CHILDREN
POTENT POTABLES
ABBREVIATIONS
    $100 2
craters

Dodge
    $100 4
(Alex: Who is uh, Judy Garland?)

Ethel Merman

AlecAnn
    $100 9
Fuji

Alec
    $100 1
Spain

Alec
    $100 15
whiskey

Dodge
    $100 21
a quart

Dodge
    $200 14
(Alex: What is infrared?)

ultraviolet

DodgeAlec
    $200 5
Cher

Dodge
    $200 10
Dow

Alec
    $200 3
Prince Andrew

Ann
    $200 16
an onion

Alec
    $200 27
earned run average

Ann
    $300 24
radium

Dodge
    $300 18
Engelbert Humperdinck

Alec
    $300 11
Harley-Davidson

Alec
    $300 6
Rome

Dodge
    $300 17
(Alec: What is clam juice?)

cranberry juice

AlecAnn
    $300 28
sunrise

Dodge
    $400 25
rods

Dodge
    $400 19
Rosemary Clooney

Triple Stumper
    $400 12
General Electric

Alec
    $400 7
King Tut (Tutankhamun)

Alec
    $400 22
Cognac

Alec
    $400 29
the Oxford English Dictionary

Alec
    $500 26
the tides

Alec
    $500 20
[NOTE: The song title was not shown with a tilde.]

Peggy Lee

Ann
    $1,000 13
(Alex: It happened in 1932.)

Revlon

Alec
    $500 8
Alexandra

Alec
    $500 23
schnapps

Triple Stumper
    $500 30
kopeck

Dodge

Scores at the first commercial break (after clue 15):

Dodge Alec Ann
$900 $2,700 $300

Scores at the end of the Jeopardy! Round:

Dodge Alec Ann
$2,500 $4,200 $1,300

Double Jeopardy! Round responses

PRESIDENTIAL TRIVIA
COLLEGES & UNIVERSITIES
SAINTS
MEXICO
FEDERAL AGENCIES
LITERARY POTPOURRI
    $200 11
George Washington

Alec
    $200 16
Edison

Alec
    $200 1
Mary Magdalene

Alec
    $200 20
earthquakes

Ann
    $200 25
the Internal Revenue Service

Alec
    $200 6
Rudyard Kipling

Alec
    $400 12
the Civil War

Alec
    $400 17
Missouri

Alec
    $400 2
St. Peter

Alec
    $400 21
Rio Grande

Dodge
    $400 26
the FAA (Federal Aviation Administration)

Alec
    $400 7
Murder on the Orient Express

Ann
    $600 13
Good Friday

Alec
    $2,000 18
the Ukraine

Alec
    $600 3
St. Francis

Alec
    $600 22
silver

Dodge
    $600 27
the Immigration and Naturalization Service

Alec
    $600 8
Noël Coward

Alec
    $800 14
(Ulysses) Grant

Ann
    $800 19
Houston

Dodge
    $800 4
St. Thomas More

Alec
    $800 24
mariachi

Ann
    $800 28
Health and Human Services

Triple Stumper
    $800 9
My Ántonia

Triple Stumper
    $1,000 15
(Ann: Who is Andrew Jackson?)
(Alex: Oh, no...)
(Ann: The other one.)

Andrew Johnson

Ann
    $1000 29
Burlington

Alec
    $1000 5
St. Thomas Aquinas

Ann
    $1000 23
(Carlos) Salinas (de Gortari)

Dodge
    $1000 30
(Alex: What's the Census Bureau?)

the Bureau of Labor Statistics

Alec
Triple Stumper
    $1000 10
Toni Morrison

Ann

Scores at the end of the Double Jeopardy! Round:

Dodge Alec Ann
$5,300 $12,000 $4,500
(lock game)

Final Jeopardy! Round responses

ISLANDS
(Alex: Looks like St. Barts?)
(Dodge: St. Barts.)
AnnWhat is St. Martens?
$4,500
DodgeWhat is St. Bar
$5,000
AlecWhat is St. Kitts
$0
St. Martin (Saint-Martin, Sint Maarten)

Final scores:

Dodge Alec Ann
$300 $12,000 $0
2nd place: $1,000 if eliminated Automatic semifinalist 3rd place: $1,000 if eliminated

Game dynamics:

Coryat scores:

Dodge Alec Ann
$5,300 $10,100 $5,500
14 R,
0 W
29 R
(including 2 DDs),
4 W
11 R,
1 W
(including 1 DD)

Combined Coryat: $20,900

The J! Archive is created by fans, for fans. The Jeopardy! game show and all elements thereof, including but not limited to copyright and trademark thereto, are the property of Jeopardy Productions, Inc. and are protected under law. This website is not affiliated with, sponsored by, or operated by Jeopardy Productions, Inc. Join the discussion at JBoard.tv.